Emojis nach Buchstabe - L - Statistiken

Allgemein
  • Dieses Quiz wurde 78 mal gespielt
  • Das Durchschnittsergebnis liegt bei 21 aus 28
Antwortstatistiken
Emoji beginnend mit L Lösung % Korrekt
🚚 Lieferwagen
97%
💄 Lippenstift
97%
🥄 Löffel
97%
🍭 Lolli
97%
🦁 Löwe
97%
🦙 Lama
96%
🎈 Luftballon
96%
🔍 Lupe
94%
🐆 Leopard
93%
🇱🇻 Lettland
90%
📏 Lineal
88%
🪜 Leiter
87%
🍋‍🟩 Limette
87%
📢 Lautsprecher
85%
🍂 Laub
84%
🇱🇹 Litauen
84%
🫁 Lunge
84%
🕳 Loch
82%
🇱🇺 Luxemburg
78%
🇱🇧 Libanon
71%
🇱🇮 Liechtenstein
65%
♌️ Löwe
62%
🇱🇾 Libyen
54%
🥍 Lacrosse
49%
⚜️ Lilie
47%
🪷 Lotusblüte
47%
🥼 Laborkittel
31%
🔖 Lesezeichen
12%
Keine übereinstimmenden Quizze gefunden
Verteilung der Resultate
Anzahl Personen mit jedem Resultat
Perzentil nach korrekt beantworteten Fragen
Ihre Resultats-Entwicklung
Sie haben dieses Quiz noch nicht gespielt